000 00323nam a2200145Ia 4500
008 180921t xxu||||| |||| 00| 0 eng d
041 _aeng
080 _a663.9
_b
245 _aCollective agreement
300 _a16p., 20 cm
650 _aTobacco
942 _cBK
999 _c19529
_d19529
003 LK-CoDNM
040 _aLK-CoDNM
_dLK-CoDNM
_eLK-CoDNM